| 000 | 01024nam0a22002651 4500 | ||
|---|---|---|---|
| 001 | rc\2203701 | ||
| 005 | 20260407144639.0 | ||
| 035 | _a(NLR Aleph) 006616601 | ||
| 090 |
_a7404975 _c7404975 |
||
| 100 | _a20110829d1979 |||y0rusy50 ca | ||
| 101 | 0 | _arus | |
| 102 | _aRU | ||
| 105 | _ay z ||||| | ||
| 200 | 1 |
_aОценка результативности системы управления качеством на предприятии отрасли _eМетодика _eПроект _fГос. ком. СССР по стандартам, ВНИИ стандартизации _g[Исполн. М.М. Синицын и др.] |
|
| 210 |
_aМосква _cБ. и. _d1979 |
||
| 215 |
_a62 с. _d20 |
||
| 320 | _aБиблиогр.: с. 60-61 | ||
| 702 | 1 |
_aСиницын _bМ.М. _4570 |
|
| 712 | 0 | 2 |
_aВНИИ стандартизации _3RU\NLR\AUTH\8810020283 _9538563 |
| 801 | 0 |
_aRU _bNLR _gpsbo |
|
| 801 | 1 |
_aRU _bELAR _2rusmarc |
|
| 852 |
_aNLR _j80-4/8574 |
||
| 899 |
_aRuMoRGB _jB 80-60/2144 |
||
| 942 | _cBOOK | ||
| 980 | _aNB | ||